| 000 | 01939nam0a2200337 4500 | ||
|---|---|---|---|
| 001 | RU\NLR\BIBL_A\022471806 | ||
| 005 | 20250506164537.0 | ||
| 010 |
_a978-5-6052329-7-1 _930 |
||
| 021 |
_aRU _bКН-П-24-084846 _9КН-П-24-8430 |
||
| 035 | _a(NLR Aleph) 022471806 | ||
| 090 |
_a13369978 _c13369978 |
||
| 100 | _a20250226d2024 k y0rusy50 ca | ||
| 101 | 0 |
_arus _aeng |
|
| 102 | _aRU | ||
| 105 | _ay z 100yy | ||
| 181 | 0 |
_ai4 _baxxe |
|
| 182 | 0 | _an | |
| 200 | 1 |
_aМатериалы Всероссийской научно-практической конференции с международным участием XI Дыльновские чтения "Социология и общество: социальные процессы, факторы и механизмы развития", 12 февраля 2024 года _fСаратовский национальный исследовательский государственный университет имени Н. Г. Чернышевского, Социологический факультет |
|
| 203 |
_aТекст _bвизуальный _cнепосредственный |
||
| 210 |
_aСаратов _cСаратовский источник _d2024 |
||
| 215 |
_a308 с. _d20 |
||
| 300 | _aЧасть текста парал. на рус. и англ. яз. | ||
| 320 | _aБиблиогр. в подстроч. примеч. | ||
| 606 | 1 |
_aОбщественные науки _jСъезды, совещания и т.п _91112139 _3RU\NLR\AUTH\66119728 |
|
| 686 | 1 | _aС.я431 | |
| 710 | 1 | 2 |
_aДыльновские чтения _d11 _eСаратов _f2024 _92656813 _3RU\NLR\AUTH\880624445 |
| 942 | _cBOOK | ||
| 980 | _aNB | ||